000 00316nam a2200121Ia 4500
100 _aIipe
942 _cRB
654 _aCourse Materials
245 _aCourse Material For ISO 9000 Audit As A Tool For Achieving And Sustaining ISO 9000 Certifaction
260 _bIipe
_aBangalore
546 _aENGLISH
999 _c28016
_d28016